000 00611nam a22001817a 4500
005 20251108164915.0
008 250721s1983 xx 000 0 ara d
082 1 4 _a212/محم
100 1 _aأبو حمدة، محمد علي
245 1 0 _aفي التذوق الجمالي للآيات العشر الأولى :
_bمفتتح سورة الإسراء /
264 1 _aعمان :
_bدار الفرقان،
_c1983.
300 _a67ص
490 0 _aالنقد الأدبي التطبيقي ؛4
650 1 7 _aالقرآن الكريم
650 1 7 _aتفسير القرآن
942 _2ddc
_cBK
999 _c17182
_d17182